| 000 | 00707nam a2200229 u 4500 | ||
|---|---|---|---|
| 005 | 20230524064139.0 | ||
| 008 | 120809s2009 es r 000 0 spa d | ||
| 020 | _a9788481318531 | ||
| 035 | _aUPN01000186005 | ||
| 049 | _aCG | ||
| 050 | 4 |
_aPA3939 _bL3.3 |
|
| 100 | 1 | _aLarrauri, Maite | |
| 245 | 1 | 3 |
_aEl ejercicio según Marco-Aurelio / _cMaite Larrauri ; il. Max. |
| 260 |
_aValencia, Esp. : _bTándem, _c2009. |
||
| 300 |
_a85 p. : _bil. col. |
||
| 440 | 0 |
_aFilosofía para profanos ; _v8 |
|
| 600 | 0 | 4 |
_aMARCO AURELIO, _cEMPERADOR DE ROMA, _d121-180 _921297 |
| 650 | 4 |
_aFilosofía antigua _96916 |
|
| 650 | 2 |
_aConciencia de sí mismo (Conocimiento) _913608 |
|
| 905 | _aLibro | ||
| 999 |
_c158108 _d158108 |
||